Teoretické štúdium štiepenia vybraných väzieb jednoduchých prírodných kumarínov

Guardado en:
Detalles Bibliográficos
Autor principal: Vanková, Veronika (Autor)
Otros Autores: Klein, Erik (Orientador)
Formato: Manuscrito Libro
Lenguaje:eslovaco
Publicado: 2025
Materias:
Acceso en línea:http://is.stuba.sk/zp/portal_zp.pl?podrobnosti=183369
Etiquetas: Agregar Etiqueta
Sin Etiquetas, Sea el primero en etiquetar este registro!

MARC

LEADER 00000ntm a22000003a 4500
001 stuzp104594
003 SK-STU
005 20250607210636.6
007 ta
008 150427s2015----xo-----f-mn---000-0-slo-d
040 |a STU  |b slo 
041 0 |a slo 
100 1 |a Vanková, Veronika  |u 045210  |4 aut  |U FCHPT Ústav fyzikálnej chémie a chemickej fyziky  |T FCHPT Oddelenie fyzikálnej chémie  |X 112024  |U C5210  |Y 117  |7 112024 
242 0 1 |a Theoretical Study of Selected Bonds Cleavage in Naturally Occuring Simple Coumarins  |y eng 
245 1 0 |a Teoretické štúdium štiepenia vybraných väzieb jednoduchých prírodných kumarínov 
260 |c 2025 
650 4 |a ionization potential  |2 eng 
650 4 |a proton affinity  |2 eng 
650 4 |a bond dissociation enthalpy  |2 eng 
650 4 |a coumarin  |2 eng 
650 4 |a antioxidant  |2 eng 
650 4 |a antioxidant  |2 slo 
650 4 |a protónová afinita  |2 slo 
650 4 |a kumarín  |2 slo 
650 4 |a ionizačný potenciál  |2 slo 
650 4 |a entalpia disociácie väzby  |2 slo 
700 1 |a Klein, Erik  |u 045210  |k Z1  |4 ths  |U FCHPT Ústav fyzikálnej chémie a chemickej fyziky  |T FCHPT Oddelenie fyzikálnej chémie  |X 3912  |U C5210  |Y 117  |7 A000003912 
856 4 |u http://is.stuba.sk/zp/portal_zp.pl?podrobnosti=183369